000 00540nam a2200181Ia 4500
003 GCL
008 140319s9999 xx 000 0 ara d
040 _aGCL /
_cGCL
082 0 4 _a811.008
_bع م
100 1 _aعبدالله التطاوى
245 1 0 _aمختارات من ديوان الشعر العربى /
_cعبدالله التطاوى
300 _a184 ص
490 _aكتاب
_v0
650 0 4 _aالشعر العربى
650 0 4 _aالشعر - دواوين و قصائد
650 0 4 _aالمجموعات
942 _2ddc
_cBK
999 _c41567
_d41567